000 00386 a2200169 4500
001 72638
020 _a850204348X
040 _cAnchieta - Colégio São Paulo
100 _aMartos, Colder Rivas
240 1 0 _aMinha querida filhinha
_lpor
245 1 0 _aMinha querida filhinha
300 _a143
362 0 _a2004
440 1 _aSaraiva
650 4 _aLiteratura juvenil
942 _cBK
999 _c72638
_d72638